[Event "Sant Boi de Llobregat op 5th"]
[Site "Sant Boi de Llobregat"]
[Date "2024.12.06"]
[Round "8"]
[White "Gaal, Zsoka"]
[Black "Shatil, Or"]
[Result "1-0"]
[WhiteElo "2425"]
[BlackElo "2124"]
[PlyCount "107"]
[EventDate "2024.11.29"]
[EventType "swiss"]
[EventRounds "10"]
[EventCountry "ESP"]
[SourceTitle "CB50_2024"]
[SourceDate "2024.11.01"]
[SourceVersion "1"]
[SourceVersionDate "2024.11.01"]
[SourceQuality "2"]

1. d4 d5 2. c4 e6 3. Nf3 Nf6 4. g3 dxc4 5. Bg2 c5 6. 0-0 Nc6 7. Qa4 Bd7 8. Qxc4 b5 9. Qd3 c4 10. Qd1 Rc8 11. Bf4 Be7 12. Nc3 b4 13. Nb5 Qb6 14. Nd6+ Bxd6 15. Bxd6 Ne4 16. Be5 0-0 17. d5 exd5 18. Qxd5 Nxe5 19. Nxe5 Nf6 20. Qd2 Be6 21. Rfd1 c3 22. bxc3 bxc3 23. Qc2 Qb2 24. Rdc1 Bd5 25. Nd3 Qxc2 26. Rxc2 Bxg2 27. Kxg2 Rc7 28. Rb1 Nd7 29. Rb3 Rfc8 30. Ra3 Nb6 31. Kg1 f6 32. f3 Nd5 33. Kf2 Rb8 34. e4 Nb4 35. Nxb4 Rxb4 36. Ke3 Rb2 37. Kd3 Rxc2 38. Kxc2 Kf7 39. Rxc3 Rb7 40. h4 g6 41. Rc6 h6 42. a4 g5 43. h5 g4 44. f4 Rb4 45. Rc7+ Ke6 46. Kd3 Rxa4 47. f5+ Kd6 48. Rf7 Ra3+ 49. Kd4 Rxg3 50. Rxf6+ Ke7 51. Rxh6 Rh3 52. Ke5 Ra3 53. Rg6 g3 54. h6 1-0